Léčivé rostliny... které ještě neznáte : plevele, divoké rostliny, neofyty /

Hlavní autor: Storl, Wolf-Dieter, 1942-
Další autoři: Brunke, Frank, 1960-, Hubáček, Miroslav
Jazyk: Čeština
Vydáno: Olomouc : Fontána, [2023]
Vydání: Vydání ve Fontáně první
Témata:
Fyzický popis: 470 stran : ilustrace (převážně barevné) ; 21 cm
Knihy
Uloženo v:
LEADER 02688nam a2200697 i 4500
001 nkc20233517187
003 CZ PrNK
005 20230510160942.0
007 ta
008 230421t20232023xr a e f 001 0 cze
015 |a cnb003517187 
020 |a 978-80-7651-159-0  |q (brožováno) 
035 |a (OCoLC)1381702562 
040 |a OLA001  |b cze  |e rda 
041 1 |a cze  |h ger 
043 |a e------ 
072 7 |a 58  |x Botanika  |2 Konspekt  |9 2 
080 |a 582-152  |2 MRF 
080 |a 582-152.42  |2 MRF 
080 |a 581.524.2  |2 MRF 
080 |a 58:39  |2 MRF 
080 |a 159.9  |2 MRF 
080 |a 633.88  |2 MRF 
080 |a 615.83+615.89  |2 MRF 
080 |a (4)  |2 MRF 
080 |a (0.062)  |2 MRF 
100 1 |a Storl, Wolf-Dieter,  |d 1942-  |7 jn20010310172  |4 aut 
240 1 0 |a Wandernde Pflanzen.  |l Česky 
245 1 0 |a Léčivé rostliny... které ještě neznáte :  |b plevele, divoké rostliny, neofyty /  |c Wolf-Dieter Storl ; s fotografiemi Franka Brunkeho ; z německého originálu "Wandernde Pflanzen" ... přeložil Miroslav Hubáček 
250 |a Vydání ve Fontáně první 
264 1 |a Olomouc :  |b Fontána,  |c [2023] 
264 4 |c ©2023 
300 |a 470 stran :  |b ilustrace (převážně barevné) ;  |c 21 cm 
336 |a text  |b txt  |2 rdacontent 
337 |a bez média  |b n  |2 rdamedia 
338 |a svazek  |b nc  |2 rdacarrier 
504 |a Obsahuje bibliografii a rejstřík 
650 0 7 |a nepůvodní druhy rostlin  |7 ph387187  |z Evropa  |2 czenas 
650 0 7 |a invazivní rostliny  |7 ph976247  |z Evropa  |2 czenas 
650 0 7 |a invaze rostlin  |7 ph137710  |z Evropa  |2 czenas 
650 0 7 |a etnobotanika  |7 ph114490  |2 czenas 
650 0 7 |a nepůvodní druhy rostlin  |7 ph387187  |x psychologické aspekty  |2 czenas 
650 0 7 |a léčivé rostliny  |7 ph115198  |2 czenas 
650 0 7 |a přírodní léčitelství  |7 ph135495  |2 czenas 
650 0 9 |a alien plant species  |z Europe  |2 eczenas 
650 0 9 |a invasive plants  |z Europe  |2 eczenas 
650 0 9 |a plant invasion  |z Europe  |2 eczenas 
650 0 9 |a ethnobotany  |2 eczenas 
650 0 9 |a alien plant species  |x psychological aspects  |2 eczenas 
650 0 9 |a medicinal plants  |2 eczenas 
650 0 9 |a natural healing  |2 eczenas 
655 7 |a populárně-naučné publikace  |7 fd131864  |2 czenas 
655 9 |a popular works  |2 eczenas 
700 1 |a Brunke, Frank,  |d 1960-  |7 osa2015892189  |4 pht 
700 1 |a Hubáček, Miroslav  |7 xx0044900  |4 trl 
910 2 |a BOA001  |b 2-1506.895 
990 |a BK 
995 |a 01 
991 |b 202305  |c NOV 
996 6 |b 2610937358  |c 2-1506.895  |l MZK  |r Sklad / do 1 hodiny  |n 2  |p p.v.  |w 001923154  |u 000010  |a 1  |e BOA001  |j MZK50  |s P 
996 7 |b 2610938069  |c 2-1506.895  |l Vol.výběr  |r VV 1p  |n 2  |p kup  |h 615.8:633.8 STO  |w 001923154  |u 000020  |a 0  |e BOA001  |j MZK50  |s A